[Event "Guillermo Garcia Memorial op 27th"]
[Site "Santa Clara"]
[Date "2018.05.30"]
[Round "8"]
[White "Rodriguez, Octavio"]
[Black "Garcia Quiroz, Omar Alejandro"]
[Result "0-1"]
[WhiteElo "1900"]
[BlackElo "1939"]
[PlyCount "130"]
[EventDate "2018.05.22"]
[EventType "swiss"]
[EventRounds "9"]
[EventCountry "CUB"]
[SourceTitle "CBM 184 Extra"]
[Source "ChessBase"]
[SourceDate "2018.06.28"]
[SourceVersion "1"]
[SourceVersionDate "2018.06.28"]
[SourceQuality "1"]

1. e4 e6 2. d3 d5 3. Nd2 Nf6 4. Ngf3 b6 5. g3 Bb7 6. e5 Nfd7 7. d4 c5 8. c3 Nc6 9. Bd3 cxd4 10. cxd4 Nb4 11. Be2 Ba6 12. Bxa6 Nxa6 13. 0-0 Be7 14. Nb3 0-0 15. Be3 b5 16. Rc1 Nb6 17. Nc5 Nxc5 18. dxc5 Nc4 19. Bd4 Qa5 20. Qd3 Rac8 21. h4 Rc7 22. Ng5 Bxg5 23. hxg5 Qd2 24. Qxd2 Nxd2 25. Rfd1 Nf3+ 26. Kg2 Nxg5 27. b4 f5 28. Rd3 Nf7 29. Ra3 Nd8 30. Ra6 Nc6 31. Bc3 d4 32. Bd2 Rd8 33. a4 Rb8 34. f4 bxa4 35. Rxa4 Rb5 36. Kf3 Kf7 37. Ke2 Rcb7 38. Kd3 Ke7 39. Kc4 Kd7 40. Be1 h6 41. Rd1 Kc7 42. Ra6 Rxb4+ 43. Bxb4 Rxb4+ 44. Kd3 Rb3+ 45. Ke2 Rc3 46. Rg1 h5 47. Ra2 Rxc5 48. Rb1 a5 49. Rba1 Kb6 50. Rd2 Rc4 51. Kf2 Nb4 52. Kg2 d3 53. Kh3 Rc2 54. Rad1 a4 55. Rxd3 Nxd3 56. Rxd3 Kb5 57. Kh4 Rh2+ 58. Kg5 Rh3 59. Rd6 Rxg3+ 60. Kxh5 a3 61. Rd7 a2 62. Ra7 Rg2 63. Kh4 Kb4 64. Kh3 Rb2 65. Kg3 Kb3 0-1

[Event "Guillermo Garcia Memorial op 27th"]
[Site "Santa Clara"]
[Date "2018.05.28"]
[Round "6"]
[White "Friera Naranjo, Sergio Daniel"]
[Black "Garcia Quiroz, Omar Alejandro"]
[Result "1-0"]
[WhiteElo "2159"]
[BlackElo "1939"]
[PlyCount "75"]
[EventDate "2018.05.22"]
[EventType "swiss"]
[EventRounds "9"]
[EventCountry "CUB"]
[SourceTitle "CBM 184 Extra"]
[Source "ChessBase"]
[SourceDate "2018.06.28"]
[SourceVersion "1"]
[SourceVersionDate "2018.06.28"]
[SourceQuality "1"]

1. d4 Nf6 2. Nf3 e6 3. g3 d5 4. Bg2 c5 5. 0-0 Nc6 6. c4 dxc4 7. Qa4 cxd4 8. Rd1 Bd7 9. Qxc4 e5 10. Ng5 Qe7 11. b3 Na5 12. Qd3 Bc6 13. Ba3 Qd7 14. Bxf8 Kxf8 15. b4 Bxg2 16. Kxg2 Nc6 17. b5 Nb4 18. Qb3 Qd5+ 19. e4 Qxb3 20. axb3 Ke7 21. Na3 Nd7 22. f4 f6 23. Nf3 Rhc8 24. Rd2 Rc5 25. Rad1 a5 26. bxa6 Rxa6 27. Nc4 Nc6 28. Ne3 Nb6 29. Nf5+ Kf7 30. fxe5 fxe5 31. Ng5+ Kg6 32. Ne6 Rc3 33. Rf1 Ra8 34. Nh4+ Kh6 35. Rf7 g6 36. g4 Re8 37. Nf5+ gxf5 38. Rf6# 1-0

[Event "Guillermo Garcia Memorial op 27th"]
[Site "Santa Clara"]
[Date "2018.05.24"]
[Round "3"]
[White "Garcia Quiroz, Omar Alejandro"]
[Black "Castano, Saray"]
[Result "1-0"]
[WhiteElo "1939"]
[BlackElo "1582"]
[PlyCount "79"]
[EventDate "2018.05.22"]
[EventType "swiss"]
[EventRounds "9"]
[EventCountry "CUB"]
[SourceTitle "CBM 184 Extra"]
[Source "ChessBase"]
[SourceDate "2018.06.28"]
[SourceVersion "1"]
[SourceVersionDate "2018.06.28"]
[SourceQuality "1"]

1. d4 Nf6 2. c4 g6 3. Nc3 Bg7 4. e4 d6 5. f3 0-0 6. Be3 Nbd7 7. Qd2 c5 8. d5 a6 9. Nge2 Rb8 10. Ng3 Ne8 11. Be2 Nc7 12. Bh6 b5 13. h4 bxc4 14. h5 Nf6 15. Bxg7 Kxg7 16. hxg6 fxg6 17. Qh6+ Kg8 18. e5 dxe5 19. Bxc4 Rxb2 20. d6+ Ne6 21. Nge4 Rf7 22. 0-0-0 Rb4 23. Bxe6 Bxe6 24. dxe7 Qxe7 25. Ng5 Rf8 26. Rh4 Rxh4 27. Qxh4 c4 28. Nxe6 Qxe6 29. Re1 Rb8 30. Re2 Rc8 31. Qg5 Re8 32. f4 e4 33. Qc5 Rc8 34. Qd4 Re8 35. g4 e3 36. g5 Ng4 37. Rb2 Nf2 38. Rb7 Nd3+ 39. Kb1 Re7 40. Rxe7 1-0

[Event "Guillermo Garcia Memorial op 27th"]
[Site "Santa Clara"]
[Date "2018.05.23"]
[Round "2"]
[White "Berdayes Ason, Dylan Isidro"]
[Black "Garcia Quiroz, Omar Alejandro"]
[Result "1-0"]
[WhiteElo "2406"]
[BlackElo "1939"]
[PlyCount "89"]
[EventDate "2018.05.22"]
[EventType "swiss"]
[EventRounds "9"]
[EventCountry "CUB"]
[SourceTitle "CBM 184 Extra"]
[Source "ChessBase"]
[SourceDate "2018.06.28"]
[SourceVersion "1"]
[SourceVersionDate "2018.06.28"]
[SourceQuality "1"]

1. e4 e6 2. d4 d5 3. Nd2 Nf6 4. e5 Nfd7 5. f4 c5 6. Ngf3 Nc6 7. Nb3 c4 8. Nbd2 f6 9. c3 Be7 10. Be2 0-0 11. Nf1 b5 12. Ne3 a5 13. 0-0 Qb6 14. Kh1 g6 15. g4 fxe5 16. fxe5 Bb7 17. Ng2 b4 18. Bh6 a4 19. Bxf8 Rxf8 20. Rb1 Qa5 21. Qc1 Nd8 22. a3 bxc3 23. bxc3 Bc6 24. h4 Qc7 25. Ne3 Nb7 26. Nc2 Na5 27. Qh6 Rf7 28. Ng5 Bf8 29. Nxe6 Bxh6 30. Nxc7 Nxe5 31. Rb8+ Bf8 32. Rxf7 Kxf7 33. Rb6 Bd6 34. Nb5 Be7 35. dxe5 d4+ 36. Rxc6 d3 37. e6+ Kg7 38. Ne1 Nxc6 39. Bd1 Ne5 40. Ng2 d2 41. Kg1 Nd3 42. Kf1 Nc1 43. Bxa4 Kf6 44. Ne3 Kxe6 45. Nxc4 1-0

[Event "Guillermo Garcia Memorial op 26th"]
[Site "Santa Clara"]
[Date "2017.05.24"]
[Round "8"]
[White "Moreno del Pozo, Orlando"]
[Black "Garcia Quiroz, Omar Alejandro"]
[Result "1-0"]
[WhiteElo "2231"]
[BlackElo "1867"]
[PlyCount "77"]
[EventDate "2017.05.16"]
[EventType "swiss"]
[EventRounds "9"]
[EventCountry "CUB"]
[SourceTitle "CBM 178 Extra"]
[Source "ChessBase"]
[SourceDate "2017.06.22"]
[SourceVersion "1"]
[SourceVersionDate "2017.06.22"]
[SourceQuality "1"]

1. e4 e6 2. d3 d5 3. Nd2 Nf6 4. Ngf3 c5 5. g3 Nc6 6. Bg2 Be7 7. 0-0 0-0 8. Re1 b5 9. e5 Nd7 10. Nf1 Bb7 11. h4 c4 12. d4 Nb6 13. N1h2 c3 14. b3 a5 15. Be3 Ba3 16. Bf1 Bb2 17. Rb1 Nb4 18. Bxb5 a4 19. Kg2 a3 20. Rh1 Ba6 21. Bxa6 Rxa6 22. Ng5 h6 23. Ng4 Qe8 24. Nh3 f5 25. exf6 gxf6 26. Bxh6 Nd7 27. Nf4 Nxa2 28. Ne5 Nxe5 29. dxe5 f5 30. Bxf8 Qxf8 31. h5 Nb4 32. h6 Kh7 33. Qh5 a2 34. Qg6+ Kh8 35. Rbf1 Nxc2 36. h7 a1Q 37. Rxa1 Nxa1 38. Qf6+ Qxf6 39. exf6 1-0

[Event "Guillermo Garcia Memorial op 26th"]
[Site "Santa Clara"]
[Date "2017.05.16"]
[Round "1"]
[White "Garcia Quiroz, Omar Alejandro"]
[Black "Cazulo Ramirez, Jesus David"]
[Result "1/2-1/2"]
[WhiteElo "1867"]
[BlackElo "2230"]
[PlyCount "110"]
[EventDate "2017.05.16"]
[EventType "swiss"]
[EventRounds "9"]
[EventCountry "CUB"]
[SourceTitle "CBM 178 Extra"]
[Source "ChessBase"]
[SourceDate "2017.06.22"]
[SourceVersion "1"]
[SourceVersionDate "2017.06.22"]
[SourceQuality "1"]

1. d4 d5 2. c4 e6 3. Nc3 Be7 4. Nf3 Nf6 5. Bg5 h6 6. Bh4 0-0 7. e3 b6 8. cxd5 Nxd5 9. Bxe7 Qxe7 10. Rc1 Bb7 11. Bd3 Rc8 12. Ne4 Nb4 13. Bb1 Nxa2 14. Nc5 bxc5 15. Qc2 g6 16. Bxa2 Bxf3 17. gxf3 cxd4 18. Qe4 Nd7 19. Qxd4 c5 20. Qf4 Kg7 21. Rc2 Rab8 22. Rd2 Rb4 23. Bc4 Nb6 24. Qe5+ Qf6 25. Qxf6+ Kxf6 26. Ba6 Rb8 27. Ke2 Nd5 28. Rc1 Rxb2 29. Rxc5 R8b6 30. Bd3 a5 31. Be4 Rxd2+ 32. Kxd2 Rb2+ 33. Ke1 a4 34. Bxd5 exd5 35. Ra5 Ra2 36. Rxd5 a3 37. Ra5 Ke6 38. h4 Kd6 39. h5 Ke6 40. Kf1 Ra1+ 41. Kg2 a2 42. hxg6 fxg6 43. f4 h5 44. e4 h4 45. Ra6+ Kf7 46. Ra7+ Kf6 47. Ra6+ Kg7 48. Ra7+ Kh6 49. e5 Kh5 50. f3 Kh6 51. e6 Re1 52. Rxa2 Rxe6 53. Kh3 Rf6 54. Kg4 Rf5 55. Rh2 Kg7 1/2-1/2